Landmarks of European Countries - Statistics

General Stats
  • This quiz has been taken 56 times
  • The average score is 14 of 45
Answer Stats
Picture Hint Answer % Correct
Paris, France Eiffel Tower
93%
London, UK Big Ben
89%
Rome, Italy The Colosseum
89%
Berlin, Germany Brandenburg Gate
87%
Athens, Greece Parthenon
87%
Copenhagen, Denmark The Little Mermaid
76%
Vatican City Saint Peter's Basilica
71%
Oświęcim, Poland Auschwitz
69%
Moscow, Russia Saint Basil's Cathedral
69%
Zermatt, Switzerland Matterhorn
64%
Brussels, Beglium Atomium
58%
Bilbao, Spain Guggenheim Museum
58%
Amsterdam, Netherlands {Anne Frank} House
53%
Monaco Monte Carlo Casino
51%
Grindavik, Iceland Blue Lagoon
44%
______, Slovenia Bled Castle / Lake Bled
38%
Mostar, Bosnia and Herzegovina Stari Most
36%
Vienna, Austria Schönbrunn Palace
33%
Cork, Ireland Blarney Stone
31%
Prague, Czech Republic Astronomical Clock
22%
Pristina, Kosovo Newborn Monument
20%
Budapest, Hungary Fisherman's Bastion
18%
Riga, Latvia House of the {Blackheads}
18%
Belgrade, Serbia Saint Sava Cathedral
16%
Jukkasjärvi, Sweden Icehotel
13%
Tallinn, Estonia Alexander Nevsky Cathedral
11%
Šiauliai, Lithuania Hill of Crosses
9%
Bucharest, Romania Palace of Parliament
9%
Skjolden, Norway {Sogne}fjord
9%
Lisbon, Portugal Vasco da Gama Bridge
9%
Chișinău, Moldova Arcul de Triumf (Triumphal Arch)
7%
_____, Albania Kruja Castle
7%
Skopje, North Macedonia Memorial House of {Mother Teresa}
7%
Kyiv, Ukraine Mother Ukraine
7%
Zadar, Croatia Sea Organ
7%
Helsinki, Finland Suomenlinna
7%
San Marino Guaita Fortress
4%
Andorra la Vella, Andorra La Noblesse du Temps
4%
Bratislava, Slovakia Slavín
4%
______, Bulgaria Belogradchik Fortress
2%
Luxembourg, Luxembourg Bock Cliff
2%
Balzers, Liechtenstein Gutenberg Castle
2%
Minsk, Belarus Island of Tears
2%
Qrendi, Malta Ħaġar Qim
0%
Žabljak, Montenegro Stećci
0%
No matching quizzes found
Score Distribution
Percent of People with Each Score
Percentile by Number Answered
Your Score History
You have not taken this quiz